| Tag |
First Indicator |
Second Indicator |
Subfields |
| LEADER |
00000pam a22000004a 4500 |
| 001 |
in00004498144 |
| 005 |
20191203131100.0 |
| 008 |
030606s2004 paua b 001 0 eng |
| 010 |
|
|
|a 2003054299
|
| 016 |
7 |
|
|a 101181575
|2 DNLM
|
| 020 |
|
|
|a 0721600069
|
| 035 |
|
|
|a (OCoLC)ocm52424769
|
| 035 |
|
|
|z (UtOrBLW)35764
|
| 035 |
|
|
|a 52302
|
| 040 |
|
|
|a DNLM/DLC
|c DLC
|d YDX
|d NLM
|d UtOrBLW
|
| 042 |
|
|
|a pcc
|
| 049 |
|
|
|a TMVM
|c 1
|
| 050 |
0 |
0 |
|a RC280.B6
|b M94 2004
|
| 060 |
1 |
0 |
|a WH 540
|b M9965 2004
|
| 060 |
|
4 |
|a WH 540
|b M259m 2004
|
| 082 |
0 |
0 |
|a 616.99/471
|2 21
|
| 100 |
1 |
|
|a Malpas, J. S.
|
| 245 |
1 |
0 |
|a Myeloma :
|b biology and management /
|c [edited by] James S. Malpas [and others].
|
| 250 |
|
|
|a Third edition.
|
| 264 |
|
1 |
|a Philadelphia :
|b Saunders,
|c [2004]
|
| 264 |
|
4 |
|c ©2004
|
| 300 |
|
|
|a xvii, 443 pages :
|b illustrations ;
|c 29 cm.
|
| 336 |
|
|
|a text
|2 rdacontent
|b txt
|
| 337 |
|
|
|a unmediated
|2 rdamedia
|
| 338 |
|
|
|a volume
|2 rdacarrier
|b nc
|
| 504 |
|
|
|a Includes bibliographical references and index.
|
| 505 |
0 |
|
|a Pathophysiology -- Clinical features -- Therapy of myeloma -- Other disorders associated with paraproteinemia
|
| 650 |
|
2 |
|a Multiple Myeloma
|x complications.
|
| 650 |
|
2 |
|a Multiple Myeloma
|x diagnosis.
|
| 650 |
|
2 |
|a Multiple Myeloma
|x therapy.
|
| 999 |
|
|
|a MARS
|
| 999 |
f |
f |
|s 558a7756-f6da-3ccb-8e42-f66288e0074f
|i 58562889-75ac-39e4-b17b-030437983185
|t 0
|
| 952 |
f |
f |
|p ric
|a Texas A&M University
|b Rellis Campus
|c Joint Library Facility
|d Remote Storage
|t 0
|e WH 540 M259m 2004
|h National Library of Medicine classification
|i unmediated -- volume
|m 323890186296E
|
| 998 |
f |
f |
|a WH 540 M259m 2004
|t 0
|l Remote Storage
|